000 00676cam a22002173a 4500
001 42212
003 PGUSA
005 20140828083943.0
008 130226s2013||||xxu|||||s|||||000 | eng d
040 _aPGUSA
_beng
042 _adc
100 1 _aChorier, Nicolas,
_d1612-1692
245 1 0 _aAloisiæ Sigeæ Toletanæ Satyra Sotadica de arcanis Amoris et Veneris
_h[electronic resource] /
_cNicolas Chorier
260 _bProject Gutenberg,
_c2013
500 _aTranscription of 1885 Paris edition
506 _aPublic domain in the USA.
516 _aElectronic text
830 0 _aProject Gutenberg
_v42212
856 4 0 _uhttp://www.gutenberg.org/ebooks/42212
942 _cEB
999 _c271464
_d271464